[Event "SRB-chT Central"]
[Site "Pozarevac"]
[Date "2012.02.15"]
[Round "4"]
[White "Stojanovic, Zlatko"]
[Black "Bozilov, Dragan"]
[Result "1-0"]
[WhiteElo "2252"]
[BlackElo "1913"]
[PlyCount "79"]
[EventDate "2012.02.13"]
[EventType "team-swiss"]
[EventRounds "9"]
[EventCountry "SRB"]
[SourceTitle "CBM 146 Extra"]
[Source "ChessBase"]
[SourceDate "2012.02.29"]
[SourceVersion "1"]
[SourceVersionDate "2012.02.29"]
[SourceQuality "1"]

1. e4 c6 2. Nc3 d5 3. d4 dxe4 4. Nxe4 Bf5 5. Ng3 Bg6 6. Nf3 Nf6 7. h4 h6 8. h5 Bh7 9. Bd3 Bxd3 10. Qxd3 e6 11. Bd2 Bd6 12. Ne4 Nxe4 13. Qxe4 Nd7 14. 0-0-0 Nf6 15. Qe2 a5 16. g4 Qc7 17. Kb1 Bf4 18. Ne5 Bxd2 19. Rxd2 a4 20. c4 a3 21. b3 Ra5 22. f4 Nd7 23. Qe3 0-0 24. Nf3 b5 25. c5 Nf6 26. g5 Nd5 27. Qe5 Qxe5 28. Nxe5 hxg5 29. fxg5 Nc3+ 30. Kc1 Ne4 31. Rg2 f6 32. gxf6 Rxf6 33. h6 g5 34. Rg4 Nf2 35. Rxg5+ Kh8 36. Rhg1 Ra8 37. h7 Kxh7 38. Rg7+ Kh6 39. Nf7+ Kh5 40. Rh7+ 1-0

[Event "SRB-chT Central"]
[Site "Pozarevac"]
[Date "2012.02.14"]
[Round "2"]
[White "Stojanovic, Zlatko"]
[Black "Abramovic, Bosko"]
[Result "0-1"]
[WhiteElo "2252"]
[BlackElo "2447"]
[PlyCount "216"]
[EventDate "2012.02.13"]
[EventType "team-swiss"]
[EventRounds "9"]
[EventCountry "SRB"]
[SourceTitle "CBM 146 Extra"]
[Source "ChessBase"]
[SourceDate "2012.02.29"]
[SourceVersion "1"]
[SourceVersionDate "2012.02.29"]
[SourceQuality "1"]

1. e4 e5 2. Nf3 Nc6 3. Bb5 Nf6 4. Nc3 Bb4 5. 0-0 0-0 6. d3 d6 7. Bg5 Bxc3 8. bxc3 Bd7 9. Re1 a6 10. Bxc6 Bxc6 11. Nd2 h6 12. Bh4 g5 13. Bg3 Ne8 14. d4 f6 15. h4 Ng7 16. Nc4 Qe8 17. hxg5 hxg5 18. f3 Rd8 19. Qc1 b6 20. Ne3 Qg6 21. Qa3 a5 22. Qb3+ Qf7 23. Ng4 Qxb3 24. cxb3 Bd7 25. Ne3 Kf7 26. Kf2 Be6 27. Red1 Ra8 28. Rd2 Rh8 29. Rad1 a4 30. b4 a3 31. Rb1 Ra4 32. Rc1 Kg6 33. Rcd1 exd4 34. cxd4 Rxb4 35. d5 Bd7 36. Rc1 Rc8 37. Rc3 Rb2 38. Rxb2 axb2 39. Rb3 f5 40. exf5+ Nxf5 41. Rxb2 Ra8 42. Nxf5 Bxf5 43. Ke3 Ra3+ 44. Kd4 b5 45. Rxb5 Rxa2 46. Be1 Rxg2 47. Rb7 g4 48. fxg4 Rxg4+ 49. Kc3 Kf6 50. Rxc7 Ke5 51. Kb3 Kxd5 52. Bc3 Rg8 53. Bb4 Rg3+ 54. Bc3 Rh3 55. Kb4 Bd3 56. Rg7 Rh4+ 57. Kb3 Bc4+ 58. Kb4 Be2+ 59. Ka3 Kc4 60. Rc7+ Kd3 61. Bb4 d5 62. Rd7 Rh5 63. Bc5 Bf3 64. Bg1 Rh8 65. Ba7 Rc8 66. Re7 Be4 67. Kb3 Rc3+ 68. Kb2 Rc2+ 69. Kb3 Rg2 70. Rd7 Bf3 71. Re7 Bd1+ 72. Kb4 Rb2+ 73. Ka3 Rb3+ 74. Ka2 Rb5 75. Ka3 Bb3 76. Bf2 Bc4 77. Re3+ Kc2 78. Re7 Rb8 79. Ba7 Rb1 80. Ka4 Kc3 81. Ka5 d4 82. Bxd4+ Kxd4 83. Rc7 Rb8 84. Ka4 Rb5 85. Rc8 Rb1 86. Rc7 Kd5 87. Ka3 Rb8 88. Rd7+ Kc5 89. Rc7+ Kd4 90. Ka4 Kd5 91. Ka3 Kd4 92. Ka4 Kc3 93. Ka5 Kd4 94. Ka4 Bd5 95. Ka5 Ke5 96. Rc1 Bb3 97. Rg1 Kd5 98. Rg5+ Kc6 99. Rg1 Kc5 100. Ka6 Bd5 101. Rc1+ Bc4+ 102. Ka7 Rh8 103. Rg1 Rh7+ 104. Kb8 Bd5 105. Rc1+ Kd6 106. Rc2 Rb7+ 107. Kc8 Rb3 108. Rh2 Be6+ 0-1

[Event "Paracin op 3rd"]
[Site "Paracin"]
[Date "2010.07.13"]
[Round "5"]
[White "Stojanovic, Zlatko"]
[Black "Lahiri, Atanu"]
[Result "0-1"]
[WhiteElo "2255"]
[BlackElo "2353"]
[PlyCount "124"]
[EventDate "2010.07.09"]
[EventType "swiss"]
[EventRounds "9"]
[EventCountry "YUG"]
[SourceTitle "CBM 137 Extra"]
[Source "ChessBase"]
[SourceDate "2010.09.01"]
[SourceVersion "1"]
[SourceVersionDate "2010.09.01"]
[SourceQuality "1"]

1. e4 e6 2. d4 d5 3. Nd2 Be7 4. Bd3 c5 5. dxc5 Nf6 6. exd5 Qxd5 7. Ngf3 0-0 8. 0-0 Nbd7 9. Qe2 Nxc5 10. Bc4 Qf5 11. Nb3 b6 12. Nfd4 Qe4 13. Nxc5 Qxd4 14. Nb3 Qh4 15. Ba6 Rd8 16. Bxc8 Raxc8 17. c3 Nd5 18. Nd4 Bf6 19. Nf3 Qh5 20. Be3 Nxe3 21. fxe3 Qd5 22. Rfd1 Qe4 23. Kf2 Rd5 24. Rxd5 Qxd5 25. e4 Qc5+ 26. Kf1 b5 27. Rd1 b4 28. cxb4 Qxb4 29. b3 h6 30. g3 Bd8 31. Kg2 Bb6 32. Rd2 Rc1 33. Rc2 Rb1 34. Ne5 Re1 35. Rc8+ Kh7 36. Qf3 Qxe4 37. Nd7 Qxf3+ 38. Kxf3 Re3+ 39. Kf4 g5+ 40. Kg4 Re4+ 41. Kh5 Kg7 42. Nxb6 axb6 43. Rc2 Rd4 44. a4 Rd3 45. Rb2 e5 46. Re2 Rd5 47. b4 f5 48. Ra2 e4 49. a5 bxa5 50. bxa5 Rd7 51. h4 Kf6 52. a6 Ra7 53. Ra3 gxh4 54. Kxh4 Ke5 55. Kh3 Kf6 56. Kh4 Ke6 57. Kh5 Ke5 58. Kxh6 Kd4 59. Kg5 e3 60. Kxf5 e2 61. Ra4+ Kd5 62. Ra5+ Kd6 0-1

[Event "SRB-chT2 East"]
[Site "Pozarevac"]
[Date "2009.10.04"]
[Round "5.3"]
[White "Stojanovic, Zlatko"]
[Black "Djukic, Zeljko"]
[Result "0-1"]
[WhiteElo "2231"]
[BlackElo "2378"]
[PlyCount "79"]
[EventDate "2009.09.06"]
[EventType "team"]
[EventRounds "11"]
[EventCountry "SRB"]
[SourceTitle "EXT 2012"]
[Source "ChessBase"]
[SourceDate "2011.11.24"]
[SourceVersion "1"]
[SourceVersionDate "2011.11.24"]
[SourceQuality "1"]

1. e4 c5 2. Nf3 a6 3. c3 b5 4. d4 cxd4 5. cxd4 d5 6. e5 Bf5 7. Bd3 Bxd3 8. Qxd3 e6 9. 0-0 Ne7 10. a4 bxa4 11. Rxa4 Nec6 12. Bd2 Qb6 13. Bc3 Be7 14. Na3 0-0 15. Nc2 Ra7 16. Ne3 Rb7 17. Rfa1 Rc8 18. g3 Na7 19. h4 h6 20. Kg2 Qb3 21. g4 g6 22. g5 h5 23. Ng1 Nb5 24. Ne2 Rbc7 25. Nd1 Na7 26. Nc1 Qb7 27. Ne3 Kg7 28. Ne2 Qb3 29. Nd1 Rc4 30. R4a2 Qb7 31. Ne3 R4c6 32. Nf1 Rb6 33. Nfg3 Rb3 34. Nf4 Rh8 35. Nge2 Bd8 36. Ra4 Nac6 37. R4a3 Rb5 38. Rh1 Ne7 39. Ng3 Rb3 40. Raa1 0-1

[Event "SRB-chT2 East"]
[Site "Pozarevac"]
[Date "2009.09.13"]
[Round "2.2"]
[White "Stojanovic, Zlatko"]
[Black "Milovanovic, Srboljub"]
[Result "1-0"]
[WhiteElo "2231"]
[BlackElo "2226"]
[PlyCount "81"]
[EventDate "2009.09.06"]
[EventType "team"]
[EventRounds "11"]
[EventCountry "SRB"]
[SourceTitle "EXT 2012"]
[Source "ChessBase"]
[SourceDate "2011.11.24"]
[SourceVersion "1"]
[SourceVersionDate "2011.11.24"]
[SourceQuality "1"]

1. e4 c5 2. Nf3 Nc6 3. d4 cxd4 4. Nxd4 Nf6 5. Nc3 d6 6. Bc4 Na5 7. Bd3 g6 8. 0-0 Bg7 9. h3 0-0 10. Bg5 h6 11. Be3 Nc6 12. Qd2 Kh7 13. Rad1 d5 14. Nxc6 bxc6 15. e5 Ng8 16. f4 Bf5 17. Bxf5 gxf5 18. Na4 Qc8 19. Nc5 e6 20. Bd4 Re8 21. b4 Bf8 22. Nb3 Qa6 23. c3 Be7 24. g4 Qc8 25. Qe3 Bd8 26. Rd2 Qb8 27. Nc5 Qc8 28. gxf5 exf5 29. Rg2 Bh4 30. Qf3 Ne7 31. Qh5 Ng6 32. Rxg6 fxg6 33. Qxh4 a5 34. a4 Rg8 35. Qe7+ Rg7 36. Qf6 Raa7 37. e6 Rae7 38. bxa5 g5 39. Qxf5+ Rg6 40. Kh1 Qb8 41. Nd7 1-0

[Event "SRB-chT2 East"]
[Site "Golubac"]
[Date "2008.10.18"]
[Round "9.1"]
[White "Govedarica, Radovan"]
[Black "Stojanovic, Zlatko"]
[Result "1-0"]
[WhiteElo "2399"]
[BlackElo "2270"]
[PlyCount "72"]
[EventDate "2008.09.14"]
[EventType "team"]
[EventRounds "11"]
[EventCountry "SRB"]
[SourceTitle "EXT 2012"]
[Source "ChessBase"]
[SourceDate "2011.11.24"]
[SourceVersion "1"]
[SourceVersionDate "2011.11.24"]
[SourceQuality "1"]

1. e4 e6 2. d4 d5 3. Nc3 dxe4 4. Nxe4 Nd7 5. g3 Ngf6 6. Nxf6+ Nxf6 7. Bg2 c5 8. Nf3 Bd7 9. Ne5 Qb6 10. Nxd7 Nxd7 11. dxc5 Bxc5 12. 0-0 Ne5 13. c3 Rd8 14. Qa4+ Rd7 15. b4 Bxf2+ 16. Rxf2 Ng4 17. Qc2 0-0 18. Bf3 Nxf2 19. Qxf2 Qxf2+ 20. Kxf2 Rc8 21. Be3 Rxc3 22. Be2 Rc2 23. a4 a6 24. b5 axb5 25. axb5 f6 26. h4 Kf7 27. b6 g6 28. Ra3 Kg7 29. Ke1 h6 30. Bb5 Rd5 31. Bd3 Rb2 32. Kf1 g5 33. hxg5 hxg5 34. Rc3 f5 35. Be2 Kg6 36. Rd3 Rdb5 1-0

[Event "SRB-chT2 East"]
[Site "Golubac"]
[Date "2008.10.17"]
[Round "8.2"]
[White "Stojanovic, Zlatko"]
[Black "Garic, Radomir"]
[Result "1-0"]
[WhiteElo "2270"]
[BlackElo "2251"]
[PlyCount "81"]
[EventDate "2008.09.14"]
[EventType "team"]
[EventRounds "11"]
[EventCountry "SRB"]
[SourceTitle "EXT 2012"]
[Source "ChessBase"]
[SourceDate "2011.11.24"]
[SourceVersion "1"]
[SourceVersionDate "2011.11.24"]
[SourceQuality "1"]

1. e4 c5 2. Nf3 Nc6 3. d4 cxd4 4. Nxd4 Qc7 5. Nc3 e6 6. Be3 Nf6 7. Nb3 a6 8. f4 d6 9. Bd3 Be7 10. Qf3 0-0 11. 0-0 Rb8 12. Nd4 Bd7 13. Kh1 b5 14. Nb3 b4 15. Ne2 a5 16. Nbd4 Rfe8 17. Rad1 e5 18. Nxc6 Bxc6 19. fxe5 dxe5 20. Ng3 Qb7 21. Bg5 h6 22. Bxf6 Bxf6 23. Nh5 Bg5 24. Qg4 g6 25. Nf6+ Bxf6 26. Rxf6 Kg7 27. Rdf1 Re7 28. Bc4 Bxe4 29. Rxf7+ Rxf7 30. Rxf7+ Qxf7 31. Bxf7 Bf5 32. Qc4 Rc8 33. Qd5 Rxc2 34. g4 Bxg4 35. Be6 Be2 36. Qxe5+ Kh7 37. Bd5 h5 38. Be4 Rc1+ 39. Kg2 Bf1+ 40. Kf2 Bc4 41. Qxh5+ 1-0

[Event "SRB-chT2 East"]
[Site "Golubac"]
[Date "2008.09.28"]
[Round "3.5"]
[White "Dimitrijevic, Srdjan"]
[Black "Stojanovic, Zlatko"]
[Result "1/2-1/2"]
[WhiteElo "2297"]
[BlackElo "2270"]
[PlyCount "76"]
[EventDate "2008.09.14"]
[EventType "team"]
[EventRounds "11"]
[EventCountry "SRB"]
[SourceTitle "EXT 2012"]
[Source "ChessBase"]
[SourceDate "2011.11.24"]
[SourceVersion "1"]
[SourceVersionDate "2011.11.24"]
[SourceQuality "1"]

1. e4 e6 2. d3 d5 3. Qe2 Be7 4. Nf3 Nc6 5. e5 f6 6. Bf4 fxe5 7. Nxe5 Nf6 8. g3 Nd4 9. Qd1 0-0 10. Bg2 Nd7 11. 0-0 Nxe5 12. Bxe5 Nc6 13. f4 Nxe5 14. fxe5 Rxf1+ 15. Bxf1 c5 16. Nd2 Qb6 17. Rb1 c4+ 18. Kh1 Bd7 19. b3 c3 20. Nf3 Rf8 21. Qe2 Be8 22. Bh3 Bh5 23. Rf1 Bxf3+ 24. Rxf3 Rxf3 25. Qxf3 g6 26. Qf4 Kg7 27. a4 a5 28. d4 h6 29. Bf1 Qd8 30. Qg4 Qf8 31. Bd3 Qf7 32. h4 h5 33. Qe2 g5 34. g4 Qf4 35. gxh5 Qxh4+ 36. Qh2 Qe1+ 37. Qg1 Qh4+ 38. Qh2 Qe1+ 1/2-1/2

[Event "Senta op-A 12th"]
[Site "Senta"]
[Date "2008.07.25"]
[Round "9"]
[White "Savic, Dragan"]
[Black "Stojanovic, Zlatko"]
[Result "1-0"]
[WhiteElo "2206"]
[BlackElo "2270"]
[PlyCount "111"]
[EventDate "2008.07.18"]
[EventType "swiss"]
[EventRounds "9"]
[EventCountry "YUG"]
[SourceTitle "CBM 125 Extra"]
[Source "ChessBase"]
[SourceDate "2008.09.01"]
[SourceVersion "1"]
[SourceVersionDate "2008.09.01"]
[SourceQuality "1"]

1. e4 e6 2. d4 d5 3. e5 c5 4. c3 Nc6 5. Nf3 Bd7 6. dxc5 Bxc5 7. Bd3 f5 8. 0-0 Nge7 9. a4 Ng6 10. Qe2 a6 11. Na3 0-0 12. b4 Be7 13. b5 Na5 14. Rb1 Rc8 15. bxa6 bxa6 16. Bxa6 Rxc3 17. Nb5 Rc4 18. Nbd4 Rc7 19. Bd2 Nc4 20. Bb4 Nf4 21. Qa2 Bxb4 22. Rxb4 Nd3 23. Rb3 Ndxe5 24. Nxe5 Nxe5 25. Re3 Ra7 26. Bb5 Ng4 27. Nxe6 Bxe6 28. Rxe6 Qb8 29. Rb1 Qxh2+ 30. Kf1 Qh1+ 31. Ke2 Qxg2 32. Rf1 Nf6 33. Qd2 Qg4+ 34. f3 Qg2+ 35. Rf2 Qg3 36. Bc6 Nh5 37. Bxd5 Nf4+ 38. Qxf4 Qxf4 39. Re4+ Kh8 40. Rxf4 Ra5 41. Bc6 Rc5 42. Bb5 Rd8 43. Rc4 Rcd5 44. Kf1 h5 45. f4 Kh7 46. Kg2 Kh6 47. Rc6+ g6 48. Bc4 Rd4 49. a5 h4 50. a6 R8d7 51. Ra2 Rd2+ 52. Rxd2 Rxd2+ 53. Kh3 Rd1 54. a7 Rh1+ 55. Kg2 Ra1 56. Ra6 1-0

[Event "SRB Central-ch"]
[Site "Vrnjacka Banja"]
[Date "2007.12.15"]
[Round "8"]
[White "Tosic, Miroslav"]
[Black "Stojanovic, Zlatko"]
[Result "1/2-1/2"]
[WhiteElo "2422"]
[BlackElo "2245"]
[PlyCount "151"]
[EventDate "2007.12.10"]
[EventType "swiss"]
[EventRounds "9"]
[EventCountry "YUG"]
[SourceTitle "CBM 121 Extra"]
[Source "ChessBase"]
[SourceDate "2008.01.10"]
[SourceVersion "1"]
[SourceVersionDate "2008.01.10"]
[SourceQuality "1"]

1. d4 d5 2. c4 c6 3. Nf3 Nf6 4. Qc2 dxc4 5. Qxc4 Bg4 6. Nbd2 e6 7. g3 Nbd7 8. Bg2 Bd6 9. Qb3 Qb6 10. Nc4 Qxb3 11. Nxd6+ Ke7 12. axb3 Kxd6 13. Ng5 Ke7 14. f3 Bh5 15. e4 c5 16. Be3 Rhc8 17. 0-0 h6 18. Nh3 cxd4 19. Bxd4 e5 20. Bc3 Ne8 21. Ra5 b6 22. Rd5 Nc7 23. Bb4+ Ke8 24. Rd2 Na6 25. Bc3 Nac5 26. Rfd1 Rc7 27. g4 Bg6 28. Bf1 a6 29. Bc4 Raa7 30. Nf2 f6 31. Bd5 Bf7 32. b4 Na4 33. Rd3 Nxc3 34. bxc3 a5 35. Ra1 axb4 36. Bxf7+ Kxf7 37. Rxa7 Rxa7 38. cxb4 Ke7 39. Nd1 Nf8 40. Nc3 Ne6 41. Nd5+ Kf7 42. Nxb6 Ra1+ 43. Kf2 Ra2+ 44. Ke1 Nd4 45. Nd5 Rxh2 46. Kf1 Kg6 47. f4 Rb2 48. Ne7+ Kf7 49. Nd5 h5 50. gxh5 Rh2 51. f5 Rxh5 52. Ra3 Rh4 53. Ra7+ Kg8 54. Ne7+ Kh7 55. Nd5 Kh6 56. Nc3 Rh1+ 57. Kf2 Rc1 58. Nd5 Rb1 59. Rb7 Rb3 60. Ke1 Rd3 61. b5 Nxf5 62. b6 Ng3 63. Rb8 Rb3 64. Kd2 Nxe4+ 65. Kc2 Rb5 66. Nc7 Rc5+ 67. Kb3 Nd6 68. Rh8+ Kg6 69. Rd8 Nc4 70. Kb4 Rc6 71. Nd5 Rd6 72. Rxd6 Nxd6 73. Kc5 Nb7+ 74. Kc6 Na5+ 75. Kb5 Nb7 76. Kc6 1/2-1/2

[Event "SRB-chT2 East"]
[Site "Serbia"]
[Date "2007.10.20"]
[Round "10.4"]
[White "Raicevic, Ivica"]
[Black "Stojanovic, Zlatko"]
[Result "0-1"]
[WhiteElo "2323"]
[BlackElo "2225"]
[PlyCount "89"]
[EventDate "2007.09.09"]
[EventType "team"]
[EventRounds "11"]
[EventCountry "SRB"]
[SourceTitle "EXT 2012"]
[Source "ChessBase"]
[SourceDate "2011.11.24"]
[SourceVersion "1"]
[SourceVersionDate "2011.11.24"]
[SourceQuality "1"]
[WhiteTeam "Kostolac Rudar"]
[BlackTeam "Zeleni Svrljig"]
[WhiteTeamCountry "SRB"]
[BlackTeamCountry "SRB"]

1. c4 c5 2. Nc3 Nc6 3. g3 g6 4. Bg2 Bg7 5. a3 b6 6. d3 Bb7 7. e4 e6 8. Nge2 Nge7 9. 0-0 Nd4 10. Nxd4 cxd4 11. Ne2 0-0 12. f4 d6 13. b4 Qd7 14. Bb2 e5 15. b5 Kh8 16. f5 gxf5 17. Bh3 Qc7 18. exf5 f6 19. Bc1 d5 20. cxd5 Qd7 21. Bg2 Nxf5 22. Qb3 Rfd8 23. Bd2 Ne7 24. d6 Nc8 25. Bxb7 Qxb7 26. Rac1 Nxd6 27. Rc6 Rac8 28. Rfc1 Rxc6 29. bxc6 Qc7 30. g4 Qc8 31. h3 f5 32. c7 Rg8 33. Qd5 Nb7 34. Bb4 fxg4 35. h4 g3 36. Rc6 a5 37. Be7 Nc5 38. Nxg3 Na6 39. Bd6 Re8 40. Kg2 Nc5 41. Bxc5 bxc5 42. Qxc5 e4 43. dxe4 Be5 44. Nf5 d3 45. Qd5 0-1